Statistiques concernant Les meilleurs buteurs de l'histoire du FC Metz

Cliquez ici pour prendre le quiz!

Statistiques générales

  • Ce quiz a été pris 14 fois
  • Le résultat moyen est 3 sur 10

Statistiques - réponses

ButsNationalitéJoueur% Correct
109LuxembourgNico Braun
71%
49Allemagne / FranceToni Kurbos
50%
71ArgentineHugo Curioni
43%
50SénégalDiafra Sakho
36%
66FranceBernard Zénier
21%
50Pologne / FranceThadée Cisowski
21%
50ParaguayAntonio Acosta
7%
49FranceHenri Baillot
7%
74FrancePhilippe Hinschberger
7%
53République démocratique du CongoYeni Ngbakoto
0%

Distribution des résultats

Percentile par nombre de réponses

% des personnes avec chaque résultat

Votre développement - résultats

Vous n’avez pas pris ce quiz